Statistics for Mario Baseball Characters

Click here to take the quiz!

General Stats

  • This quiz has been taken 153 times
  • The average score is 30 of 72

Answer Stats

First GameAnswer% Correct
Superstar (Gamecube)Mario
100%
Superstar (Gamecube)Luigi
97%
Superstar (Gamecube)Peach
95%
Superstar (Gamecube)Bowser
90%
Superstar (Gamecube)Wario
86%
Superstar (Gamecube)Daisy
85%
Superstar (Gamecube)Toad
85%
Superstar (Gamecube)Yoshi
84%
Superstar (Gamecube)Waluigi
83%
Superstar (Gamecube)Donkey Kong
82%
Superstar (Gamecube)Diddy Kong
77%
Superstar (Gamecube)Bowser Jr.
71%
Superstar (Gamecube)Boo
67%
Superstar (Gamecube)Koopa Troopa
67%
Superstar (Gamecube)Baby Mario
64%
Superstar (Gamecube)Toadette
63%
Superstar (Gamecube)Baby Luigi
62%
Superstar (Gamecube)Birdo
60%
Superstar (Gamecube)Goomba
59%
Superstar (Gamecube)King Boo
57%
Superstar (Gamecube)Dry Bones
56%
Super Sluggers (Wii)Baby Peach
54%
Super Sluggers (Wii)Baby Daisy
52%
Superstar (Gamecube)Shy Guy
51%
Superstar (Gamecube)Petey Piranha
50%
Super Sluggers (Wii)Funky Kong
49%
Superstar (Gamecube)Dixie Kong
44%
Super Sluggers (Wii)King K. Rool
39%
Superstar (Gamecube)Toadsworth
39%
Superstar (Gamecube)Hammer Bro
34%
Superstar (Gamecube)Blue Toad
33%
Superstar (Gamecube)Fire Bro
33%
Superstar (Gamecube)Green Toad
32%
Super Sluggers (Wii)Blue Yoshi
31%
Superstar (Gamecube)Monty Mole
31%
Super Sluggers (Wii)Wiggler
31%
Superstar (Gamecube)Yellow Toad
31%
Super Sluggers (Wii)Red Yoshi
30%
Superstar (Gamecube)Boomerang Bro
29%
Superstar (Gamecube)Paragoomba
29%
Super Sluggers (Wii)Yellow Yoshi
29%
Super Sluggers (Wii)Blooper
28%
Super Sluggers (Wii)Kritter
27%
Superstar (Gamecube)Blue Noki
26%
Superstar (Gamecube)Blue Pianta
26%
Superstar (Gamecube)Green Noki
26%
Superstar (Gamecube)Magikoopa
26%
Super Sluggers (Wii)Pink Yoshi
26%
Superstar (Gamecube)Red Noki
26%
Superstar (Gamecube)Red Pianta
26%
Super Sluggers (Wii)Tiny Kong
26%
Superstar (Gamecube)Yellow Pianta
26%
Superstar (Gamecube)Purple Toad
25%
Superstar (Gamecube)Blue Shy Guy
24%
Superstar (Gamecube)Green Shy Guy
23%
Superstar (Gamecube)Yellow Shy Guy
23%
Super Sluggers (Wii)Baby DK
22%
Superstar (Gamecube)Red Koopa Troopa
22%
Superstar (Gamecube)Koopa Paratroopa
21%
Superstar (Gamecube)Black Shy Guy
19%
Super Sluggers (Wii)Blue Kritter
19%
Super Sluggers (Wii)Brown Kritter
19%
Super Sluggers (Wii)Red Kritter
19%
Super Sluggers (Wii)Dark Bones
18%
Super Sluggers (Wii)Light Blue Yoshi
17%
Superstar (Gamecube)Red Magikoopa
17%
Superstar (Gamecube)Yellow Magikoopa
17%
Superstar (Gamecube)Green Dry Bones
16%
Superstar (Gamecube)Green Magikoopa
15%
Super Sluggers (Wii)Gray Shy Guy
13%
Superstar (Gamecube)Green Koopa Paratroopa
12%
Superstar (Gamecube)Red Dry Bones
12%

Score Distribution

Percentile by Number Answered

Percent of People with Each Score

Your Score History

You have not taken this quiz